LEADER 01405nam--2200409---450- 001 990000959040203316 005 20100111180820.0 010 $a88-324-9286-5 035 $a0095904 035 $aUSA010095904 035 $a(ALEPH)000095904USA01 035 $a0095904 100 $a20020213d1989----km-y0itay0103----ba 101 $aita 102 $aIT 105 $a||||||||001yy 200 1 $a<> contenzioso negli appalti$el'equo compenso$ele tre condizioni di applicabilitą dell'art. 1664, 2° comma, c.c.$egiurisprudenza di cassazione e di merito$fFrancesco Terranova 210 $aMilano$cPirola$d1989 215 $a389 p$d24 cm 225 2 $aPirola edilizia e urbanistica$v23 410 $12001$aPirola edilizia e urbanistica$v23 606 0 $aContratti di appalto$xNatura giuridica 606 0 $aAppalti$xContenzioso 676 $a346.4502 700 1$aTERRANOVA,$bFrancesco$0333803 801 0$aIT$bsalbc$gISBD 912 $a990000959040203316 951 $aXXIV.3. Coll. 17/ 13 (COLL. HOC 23)$b65756 EC$cXXIV.3. Coll. 17/ 13 (COLL. HOC)$d00263981 959 $aBK 969 $aGIU 979 $aPATTY$b90$c20020213$lUSA01$h1446 979 $aPATTY$b90$c20020325$lUSA01$h1321 979 $c20020403$lUSA01$h1738 979 $aPATRY$b90$c20040406$lUSA01$h1706 979 $aRSIAV3$b90$c20100111$lUSA01$h1808 996 $aContenzioso negli appalti$9742751 997 $aUNISA LEADER 00951nam0-2200325 --450 001 9910633298003321 005 20221219132604.0 020 $aIT$b828959 100 $a20221219d1980----kmuy0itay5050 ba 101 0 $aita 102 $aIT 105 $a 001yy 200 1 $aNatura$fdi Bruno e Renato Massa 210 $aMilano$cMondadori$d1980 215 $a10 volumi$cin gran parte ill.$d25 cm 225 1 $aGuida alla natura e all'arte delle regioni italiane 307 $a7.: 239 p. 327 0 $a7.: Campania, Molise 512 1 $a<>Italia da conoscere : natura 610 0 $aGuide naturalistiche 676 $a914.572$v23$zita 700 1$aMassa,$bBruno$f<1948- >$090975 701 1$aMassa,$bRenato$f<1943- >$090976 801 0$aIT$bUNINA$gREICAT$2UNIMARC 901 $aBK 912 $a9910633298003321 952 $aFONDO ROSSI 2281$bROSSI 2359$fFARBC 959 $aFARBC 996 $aNatura$92984292 997 $aUNINA